000 004720000a22001570004500
003 MACL
005 20180310132254.0
008 180310b xxu||||| |||| 00| 0 eng d
040 _cMACL
100 _aरमाकान्‍त
_971208
245 _aजुलूस वाला आदमी
260 _bराधा कृष्‍ण प्रकाशन
_c1993
350 _a225
650 _aउपन्‍यास
_971209
942 _cHIN
_k891.433/RAM/N
_2ddc
999 _c20667
_d20667